000 00613nam a2200205 i 4500
001 63495
003 ES-MaACL
005 20250918063028.0
007 t|
008 031211s1954 sp ||||1| spa d
100 1 _aFerrer-Vidal, Jorge,
_d1926-
_950501
245 1 3 _aEl trapecio de Dios /
_cnovela de Jorge Ferrer-Vidal Turull.
250 _a[1ª ed.].
260 _aBarcelona :
_bJosé Janés,
_c1954 (
_fMiguza)
300 _a214 p., 9 lám. ;
_c19 cm.
490 1 _aLa botella errante
830 0 _aLa botella errante
_9182891
852 _aES-MaACL
_jC-10497
_bR.37094
999 _c63495
_d63495